|
|
|
|
| LEADER |
00000nam a2200000 a 4500 |
| 001 |
vtls001121695 |
| 003 |
SK-MaSNL |
| 005 |
20260301153641.0 |
| 008 |
250414s1988 xo 0 slo |
| 015 |
|
|
|a SNBA1988/08
|
| 035 |
|
|
|a SNK000064538
|
| 040 |
|
|
|a SNK
|b slo
|c SNK
|e AACR2
|
| 041 |
0 |
|
|a slo
|
| 044 |
|
|
|a xo
|c SK
|
| 080 |
|
|
|a 330.322:69:34(082)
|2 1981
|
| 080 |
|
|
|a 69
|2 1981
|
| 080 |
|
|
|a 34(082)
|2 1981
|
| 245 |
0 |
0 |
|a Ekonomicko-právne problémy investičnej výstavby
|b Seminár ; Jana Melicherčíková
|
| 250 |
|
|
|a 1. vyd.
|
| 260 |
|
|
|a Bratislava
|b Dom techniky ČSVTS
|c 1988
|e Bratislava
|f Dom techniky ČSVTS
|
| 300 |
|
|
|a 56 s., 6,557 AH
|c 29 cm
|
| 366 |
|
|
|e 220 výtl.
|
| 500 |
|
|
|a Lit. 14. Čl. aj čes. Pre účast. podujatia a pre služobnú potrebu podnikov. Publ. je predajná iba soc. organ. Rozmn. 14 zázn. v slov. a češ.
|
| 700 |
1 |
|
|a Melicherčíková, Jana
|4 oth
|9 276647
|
| 852 |
|
|
|a Slovenská národná knižnica
|
| 958 |
|
|
|a NB
|
| 958 |
|
|
|a CZ
|
| 958 |
|
|
|a TL
|
| 958 |
|
|
|a OND
|
| 999 |
|
|
|c 793908
|d 795838
|
| 952 |
|
|
|a SNK
|b SNK
|y PREZ
|7 0
|p 17A0833436
|o snkSB 43502
|0 0
|1 0
|4 0
|d 2012-07-12
|f 1
|l 0
|r 2025-05-09 00:00:00
|w 2026-02-24
|
| 952 |
|
|
|a SNK
|b SNK
|y VYP
|7 0
|p 17A0464024
|o snkSB 43502 D1
|i snk2005/5141
|8 1
|0 0
|1 0
|4 0
|d 2005-04-04
|l 0
|r 2026-02-24 01:46:11
|w 2026-02-24
|